[Event "East Lansing (MOR/7/21)"]
[Site "?"]
[Date "1995.??.??"]
[Round "?"]
[White "Grzegorczyk, Ron"]
[Black "Kyser, Bob"]
[Result "1-0"]
[WhiteElo "1605"]
[BlackElo "1605"]
[PlyCount "71"]
[EventDate "1995.??.??"]

{7/(21)} 1. e4 e5 2. Nf3 Nc6 3. Bb5 a6 4. Ba4 d6 5. c3 Nf6 6. d4 b5 7. Bc2 Bg4
8. Be3 Be7 9. Nbd2 d5 10. h3 exd4 11. cxd4 Bd7 12. e5 Ne4 13. Nxe4 dxe4 14.
Bxe4 Bb4+ 15. Bd2 Bxd2+ 16. Qxd2 Rc8 17. O-O f5 18. exf6 Qxf6 19. Bd5 Rb8 20.
Rfe1+ Ne7 21. Re2 Kd8 22. Be4 c6 23. Rae1 Nd5 24. Bxd5 cxd5 25. Qg5 Rb6 26.
Qxd5 Rc6 27. Ne5 Rd6 28. Nf7+ Kc7 29. Nxd6 Qxd6 30. Qf7 Kb6 31. Qxg7 Rf8 32.
Qe5 Qg6 33. Qc5+ Ka5 34. Qxf8 Bxh3 35. Qa3+ Kb6 36. Qxh3 1-0

[Event "Grand Rapids (MI Am/4/26)"]
[Site "?"]
[Date "1995.??.??"]
[Round "?"]
[White "Grzegorczyk, Ron"]
[Black "Kache, P."]
[Result "1-0"]
[WhiteElo "1605"]
[BlackElo "1605"]
[PlyCount "45"]
[EventDate "1995.??.??"]

{4/(26)} 1. e4 e5 2. Nf3 f5 3. Nxe5 Qf6 4. d4 d6 5. Nc4 fxe4 6. Nc3 Ne7 7. Ne3
c6 8. Nxe4 Qe6 9. Bd3 c5 10. dxc5 d5 11. Nd6+ Kd8 12. O-O g6 13. Qf3 Nf5 14.
Nexf5 Bxd6 15. Nxd6 b6 16. Nf7+ Kc7 17. cxb6+ axb6 18. Nxh8 Bb7 19. Bf4+ Kc8
20. Rae1 Qg8 21. Qg4+ Nd7 22. Bb5 Qd8 23. Nf7 1-0

[Event "East Lansing (MOR/5/25)"]
[Site "?"]
[Date "1995.??.??"]
[Round "?"]
[White "Grzegorczyk, Ron"]
[Black "Juntunen, Michael"]
[Result "0-1"]
[WhiteElo "1605"]
[BlackElo "1605"]
[PlyCount "120"]
[EventDate "1995.??.??"]

{5/(25)} 1. e4 e5 2. Nf3 d5 3. Nxe5 Bd6 4. d4 dxe4 5. Nc3 Nf6 6. Bg5 Bf5 7. Nd5
c6 8. Ne3 Be6 9. N5g4 Qa5+ 10. c3 Qxg5 11. Nxf6+ Qxf6 12. d5 Bd7 13. dxc6 Bxc6
14. Nd5 Qe5 15. Bc4 O-O 16. Qb3 Na6 17. O-O-O Nc5 18. Qc2 b5 19. Nb4 Be8 20.
Bd5 Rd8 21. Bc6 a5 22. Bxe8 Qxe8 23. Nd5 Qe6 24. Ne3 Qxa2 25. Kd2 Bf4+ 26. Ke2
Bxe3 27. fxe3 Qc4+ 28. Kf2 Nd3+ 29. Kg1 Qc5 30. Qe2 Nf4 31. Qe1 Rxd1 32. Qxd1
Qxe3+ 33. Kf1 Qd3+ 34. Qxd3 Nxd3 35. b4 axb4 36. cxb4 Ra8 37. Ke2 Ra4 38. Ke3
Rxb4 39. Ra1 g6 40. Ra8+ Kg7 41. Re8 f5 42. g3 Rc4 43. h3 b4 44. Re7+ Kh6 45.
Rb7 Kg5 46. Rxh7 b3 47. Rg7 b2 48. Rb7 Rb4 49. Rxb4 Nxb4 50. g4 b1=Q 51. gxf5
Qd3+ 52. Kf2 Qxh3 53. fxg6 Kxg6 54. Kg1 Qd3 55. Kf2 Kg5 56. Kg2 Kg4 57. Kf2 e3+
58. Kg2 Qd2+ 59. Kh1 Kg3 60. Kg1 Qg2# 0-1

[Event "Grand Rapids (MI Am/2/28)"]
[Site "?"]
[Date "1995.??.??"]
[Round "?"]
[White "Grzegorczyk, Ron"]
[Black "Jewett, Brandon"]
[Result "0-1"]
[WhiteElo "1605"]
[BlackElo "1605"]
[PlyCount "130"]
[EventDate "1995.??.??"]

{2/(28)} 1. e4 c5 2. Nc3 e6 3. Nf3 d5 4. exd5 exd5 5. Bb5+ Bd7 6. Bxd7+ Qxd7 7.
O-O d4 8. Re1+ Be7 9. Ne4 Kf8 10. d3 Nf6 11. Bg5 Nxe4 12. Bxe7+ Qxe7 13. Rxe4
Qc7 14. Qe2 Nc6 15. Re1 Qd7 16. Ng5 h6 17. Nf3 g6 18. Ne5 Nxe5 19. Rxe5 Qc6 20.
Re7 Kg7 21. Qe5+ Qf6 22. Qxc5 b6 23. Qd5 Rhd8 24. Rd7 Re8 25. Re4 a5 26. Rd6
Rad8 27. Rxf6 Rxd5 28. Rxb6 Rxe4 29. dxe4 Rc5 30. Kf1 Rxc2 31. Rb3 a4 32. Ra3
Rxb2 33. Rxa4 d3 34. Ke1 Re2+ 35. Kf1 Rc2 36. f3 Rc1+ 37. Kf2 Rc2+ 38. Ke3 Rxg2
39. Kxd3 Rxh2 40. a3 Ra2 41. Ra5 h5 42. f4 h4 43. f5 h3 44. Rc5 Rxa3+ 45. Kd4
Ra1 46. Rc2 Ra4+ 47. Ke3 g5 48. e5 Ra3+ 49. Kf2 g4 50. Re2 g3+ 51. Kf1 Ra1+ 52.
Re1 Rxe1+ 53. Kxe1 h2 54. e6 fxe6 55. fxe6 h1=Q+ 56. Ke2 Qe4+ 57. Kf1 Qxe6 58.
Kg2 Kg6 59. Kxg3 Qd5 60. Kh4 Qg5+ 61. Kh3 Kf5 62. Kh2 Kf4 63. Kh1 Kf3 64. Kh2
Qg3+ 65. Kh1 Qg2# 0-1

[Event "East Lansing (Class B/3/12)"]
[Site "?"]
[Date "1995.??.??"]
[Round "?"]
[White "Grzegorczyk, Ron"]
[Black "Eck, J."]
[Result "0-1"]
[WhiteElo "1615"]
[BlackElo "1630"]
[PlyCount "76"]
[EventDate "1995.??.??"]

{3/(12)} 1. e4 e5 2. Nf3 Nc6 3. Nc3 d6 4. d3 Bg4 5. Be2 Be7 6. h3 Bh5 7. Nh2
Nf6 8. Bxh5 Nxh5 9. Qxh5 Nd4 10. Qd1 O-O 11. Nf3 Ne6 12. Nd5 f5 13. Nxe7+ Qxe7
14. O-O f4 15. b3 c5 16. c3 b6 17. Bb2 Rac8 18. d4 cxd4 19. cxd4 Ng5 20. Nxg5
Qxg5 21. Qg4 Qe7 22. Rac1 Rce8 23. Rc6 f3 24. gxf3 Rf4 25. Qg2 Rf6 26. Kh1 Rg6
27. Qh2 Qf6 28. Rg1 Qxf3+ 29. Rg2 Qxe4 30. Rc3 exd4 31. Rc1 d3 32. Rcg1 d2 33.
Rf1 Qf3 34. Qg1 Re1 35. Kh2 Rxf1 36. Qxf1 Rxg2+ 37. Qxg2 Qxg2+ 38. Kxg2 d1=Q
0-1

[Event "East Lansing (MOR/3/24)"]
[Site "?"]
[Date "1995.??.??"]
[Round "?"]
[White "Grzegorczyk, Ron"]
[Black "Cowans, Winston"]
[Result "1-0"]
[WhiteElo "1605"]
[BlackElo "1605"]
[PlyCount "163"]
[EventDate "1995.??.??"]

{3/(24)} 1. e4 e6 2. d4 d5 3. e5 c5 4. c3 Nc6 5. Nf3 Qb6 6. a3 a5 7. Be2 Nh6 8.
O-O cxd4 9. cxd4 Nf5 10. Nc3 Nfxd4 11. Nxd4 Qxd4 12. Qxd4 Nxd4 13. Bb5+ Bd7 14.
Bxd7+ Kxd7 15. Be3 Bc5 16. Na4 b6 17. Rad1 Ne2+ 18. Kh1 Bxe3 19. fxe3 Ke7 20.
Rd2 b5 21. Nc5 Rhc8 22. Nd3 Nc3 23. Rdf2 Ne4 24. Rxf7+ Kd8 25. Rxg7 Ke8 26.
Rxh7 b4 27. axb4 axb4 28. Rhf7 b3 29. Kg1 Nd2 30. Rf8+ Kd7 31. R1f7+ Kc6 32.
Rxc8+ Rxc8 33. Re7 Kb5 34. Rxe6 Kc4 35. Nf4 Ne4 36. h4 Ra8 37. Rc6+ Kb5 38. Rc1
Ra2 39. Nd3 Nd2 40. e6 Nc4 41. Rc3 Ra1+ 42. Kh2 Nxe3 43. e7 Ra8 44. Rxb3+ Kc4
45. Rc3+ Kd4 46. Nb4 Nf5 47. Nc6+ Ke4 48. h5 Re8 49. g4 Nxe7 50. Nxe7 Rxe7 51.
Kg3 d4 52. Rc1 Rf7 53. h6 d3 54. Re1+ Kd4 55. g5 d2 56. Rh1 Ke3 57. g6 Rf3+ 58.
Kg4 Rf2 59. g7 Ke2 60. h7 Rf1 61. h8=Q d1=Q 62. Qh2+ Kd3+ 63. Kg5 Rxh1 64. Qg3+
Kc2 65. Qg2+ Qd2+ 66. Qxd2+ Kxd2 67. b4 Kd3 68. b5 Kd4 69. b6 Ke5 70. Kg6 Ke6
71. g8=Q+ Kd6 72. Qf8+ Kc6 73. Qf3+ Kxb6 74. Qxh1 Kb5 75. Qd5+ Kb4 76. Kf5 Kc3
77. Ke4 Kb4 78. Kd4 Ka4 79. Kc4 Ka3 80. Qb5 Ka2 81. Kc3 Ka1 82. Qb2# 1-0

[Event "Troy (TCC/4/8)"]
[Site "?"]
[Date "1995.??.??"]
[Round "?"]
[White "Grossman, Jay"]
[Black "Ward, Tim"]
[Result "1-0"]
[WhiteElo "1905"]
[BlackElo "1970"]
[PlyCount "51"]
[EventDate "1995.??.??"]

{4/(8)} 1. e4 e6 2. d4 d5 3. e5 c5 4. c3 Nc6 5. Nf3 Bd7 6. Bd3 cxd4 7. cxd4 Qb6
8. O-O Nxd4 9. Nxd4 Qxd4 10. Nc3 Qxe5 11. Re1 Qb8 12. Nxd5 Bd6 13. h3 Ne7 14.
Nxe7 Kxe7 15. Bg5+ f6 16. Bd2 Qe8 17. Qg4 Qf7 18. Bc4 Rhe8 19. Rad1 Rac8 20.
Bb3 Kf8 21. Bh6 gxh6 22. Rxd6 Rc6 23. Rd3 Re7 24. Qf4 Ke8 25. Qb8+ Rc8 26. Qxb7
1-0

[Event "Troy (TCC/3/7)"]
[Site "?"]
[Date "1995.??.??"]
[Round "?"]
[White "Grossman, Jay"]
[Black "Moody, David"]
[Result "0-1"]
[WhiteElo "1905"]
[BlackElo "2000"]
[PlyCount "62"]
[EventDate "1995.??.??"]

{3/(7)} 1. e4 e5 2. Nf3 Nc6 3. d4 exd4 4. Nxd4 Nf6 5. Nc3 Bb4 6. Qd3 O-O 7. Bg5
h6 8. Bh4 g5 9. Bg3 Nxe4 10. O-O-O Bxc3 11. bxc3 Qe7 12. Kb1 d5 13. Nb5 Bf5 14.
Qe3 a6 15. Nd4 Qa3 16. Nb3 Rfe8 17. f4 d4 18. Rxd4 Nxd4 19. cxd4 Qb4 20. Kb2
Nc5 21. Qc1 Nxb3 22. axb3 Qxd4+ 23. c3 Qe4 24. fxg5 h5 25. Bxc7 Rac8 26. Bb6
Re6 27. Bd4 Rd6 28. Qd1 b5 29. Qxh5 Rxd4 30. cxd4 Qxd4+ 31. Ka3 b4+ 0-1

[Event "Troy (US Am N/6/32)"]
[Site "?"]
[Date "1995.??.??"]
[Round "?"]
[White "Griffin, John"]
[Black "West, L."]
[Result "1-0"]
[WhiteElo "1605"]
[BlackElo "1605"]
[PlyCount "135"]
[EventDate "1995.??.??"]

{6/(32)} 1. d4 d5 2. c4 e6 3. g3 c5 4. cxd5 Qxd5 5. Nf3 Qd7 6. Bg2 Nc6 7. Be3
cxd4 8. Nxd4 Nxd4 9. Qxd4 Qxd4 10. Bxd4 Nf6 11. O-O Be7 12. Nc3 O-O 13. Rac1 a6
14. Ne4 Nd5 15. Bc5 Bxc5 16. Nxc5 Ra7 17. e4 Ne7 18. Na4 e5 19. Nb6 Be6 20. b3
Nc6 21. Rfd1 Nd4 22. Rc7 Rd8 23. Kh1 h6 24. h3 a5 25. Bf1 Kh7 26. Nc4 f6 27.
Ne3 Rd7 28. Rcc1 b6 29. Kg2 Rab7 30. Ba6 Rb8 31. Bc4 Rc7 32. Bxe6 Rxc1 33. Bf5+
Nxf5 34. Rxc1 Nd4 35. Nd5 b5 36. Rc7 b4 37. Nxf6+ Kg6 38. Nd7 Rb5 39. Rc5 Rxc5
40. Nxc5 Ne2 41. Nb7 Nc3 42. Nxa5 Nxa2 43. Kf3 Kf6 44. Nc4 Nc1 45. Nd2 Ke6 46.
h4 g6 47. Ke3 Kf6 48. f4 exf4+ 49. Kxf4 Ke6 50. g4 Nd3+ 51. Ke3 Ne5 52. g5 hxg5
53. hxg5 Nf7 54. Nf3 Ne5 55. Nd4+ Kd6 56. Nc2 Nc6 57. Nd4 Ne5 58. Nf3 Ke6 59.
Nxe5 Kxe5 60. Kd3 Kf4 61. Kd4 Kxg5 62. e5 Kf5 63. Kd5 g5 64. e6 Kf6 65. Kd6 g4
66. e7 Kf7 67. Kd7 g3 68. e8=Q+ 1-0

[Event "East Lansing (MOR/4/27)"]
[Site "?"]
[Date "1995.??.??"]
[Round "?"]
[White "Griffin, John"]
[Black "Smeckert, Dennis"]
[Result "0-1"]
[WhiteElo "1605"]
[BlackElo "1605"]
[PlyCount "72"]
[EventDate "1995.??.??"]

{4/(27)} 1. d4 d5 2. c4 e5 3. dxe5 d4 4. Nf3 Nc6 5. a3 Be6 6. Nbd2 Qd7 7. b3
Be7 8. Ne4 f6 9. exf6 Nxf6 10. Nxf6+ Bxf6 11. Bg5 O-O-O 12. Bxf6 gxf6 13. Ra2
h5 14. Rd2 Bg4 15. Ng1 Qe7 16. f3 Bf5 17. g3 Qxa3 18. Bh3 Bxh3 19. Nxh3 Qe7 20.
Nf4 Rhe8 21. Nd5 Qe5 22. O-O h4 23. f4 Qf5 24. Rf3 hxg3 25. hxg3 Rh8 26. Qf1
Rh3 27. e4 Qh5 28. Qxh3+ Qxh3 29. Rh2 Qe6 30. Rh7 Qxe4 31. Rxc7+ Kb8 32. Rf2
Rxd5 33. Rg7 Rh5 34. Rh2 Qe1+ 35. Kg2 Qe2+ 36. Kg1 Rxh2 0-1

[Event "East Lansing (MOR/2/22)"]
[Site "?"]
[Date "1995.??.??"]
[Round "?"]
[White "Griffin, John"]
[Black "Peiter, H."]
[Result "0-1"]
[WhiteElo "1605"]
[BlackElo "1605"]
[PlyCount "138"]
[EventDate "1995.??.??"]

{2/(22)} 1. d4 d5 2. c4 c6 3. Nf3 Bg4 4. Nbd2 Nf6 5. g3 Nbd7 6. Bg2 e6 7. O-O
Bd6 8. b3 O-O 9. Bb2 Re8 10. Ne5 Qc7 11. Nxg4 Nxg4 12. cxd5 exd5 13. e3 f5 14.
Qf3 Rf8 15. a3 Rae8 16. b4 a6 17. Rac1 Qb6 18. h3 Nh6 19. Qd1 a5 20. Bc3 Qc7
21. Re1 Nf6 22. bxa5 Bxa3 23. Ra1 Bd6 24. Rb1 Ne4 25. Nxe4 fxe4 26. Bb4 Rf7 27.
Bxd6 Qxd6 28. Rb3 Qc7 29. Ra3 Nf5 30. a6 Ra8 31. Qa1 bxa6 32. Rxa6 Raf8 33. Ra8
h5 34. Rxf8+ Rxf8 35. Qc3 h4 36. g4 Ne7 37. Rc1 Ra8 38. Qe1 Qa5 39. Qxa5 Rxa5
40. Bf1 Kf7 41. Kg2 Ra3 42. Re1 Ke6 43. Rb1 Ra2 44. Rb6 g5 45. Ra6 Rc2 46. Ra1
c5 47. Ra6+ Kf7 48. dxc5 Rxc5 49. Ra2 Ke6 50. Be2 Ke5 51. Ra7 Kf6 52. Ra6+ Ke5
53. Ra2 d4 54. exd4+ Kxd4 55. Ra4+ Ke5 56. Ra2 Nd5 57. Ra6 Nf4+ 58. Kh2 Nxe2
59. Rg6 Kd4 60. Rd6+ Rd5 61. Ra6 Nf4 62. Ra4+ Ke5 63. Ra3 Rd3 64. Ra5+ Nd5 65.
Ra2 Kf4 66. Re2 Kf3 67. Rb2 Nf4 68. Rb5 Kxf2 69. Rxg5 Rxh3# 0-1

[Event "Troy (US Am N/4/22)"]
[Site "?"]
[Date "1995.??.??"]
[Round "?"]
[White "Griffin, John"]
[Black "McKenna, J."]
[Result "0-1"]
[WhiteElo "1605"]
[BlackElo "1965"]
[PlyCount "80"]
[EventDate "1995.??.??"]

{4/(22)} 1. d4 c5 2. d5 d6 3. c4 e6 4. Nc3 Nf6 5. Nf3 Be7 6. e4 exd5 7. cxd5
O-O 8. h3 b6 9. Bd3 Ba6 10. Bxa6 Nxa6 11. O-O Qd7 12. Re1 Rfe8 13. a3 Bf8 14.
Qd3 Nc7 15. b4 a6 16. Nd2 b5 17. bxc5 dxc5 18. Bb2 Ne6 19. Rad1 c4 20. dxe6
Qxd3 21. Nf3 Qxd1 22. exf7+ Kxf7 23. Rxd1 Nxe4 24. Nxe4 Rxe4 25. Ng5+ Kg8 26.
Nxe4 a5 27. Nc3 b4 28. axb4 axb4 29. Ne4 Rc8 30. Rc1 Be7 31. Kf1 Rc6 32. Ke2
Kf7 33. Kd2 c3+ 34. Nxc3 Bg5+ 35. Kd3 Bxc1 36. Bxc1 Rxc3+ 37. Kd2 Rc6 38. Bb2
b3 39. Bd4 Rd6 40. Kc3 Rxd4 0-1

[Event "Troy (US Am N/2/30)"]
[Site "?"]
[Date "1995.??.??"]
[Round "?"]
[White "Griffin, John"]
[Black "Martell, Raul"]
[Result "1/2-1/2"]
[WhiteElo "1605"]
[BlackElo "1605"]
[PlyCount "90"]
[EventDate "1995.??.??"]

{2/(30)} 1. d4 d5 2. c4 Nf6 3. g3 e6 4. Nf3 Bd7 5. Bg2 Nc6 6. b3 h6 7. O-O Be7
8. Nc3 O-O 9. Ne5 Bb4 10. Nxc6 Bxc6 11. Bb2 Qd7 12. a3 Bxc3 13. Bxc3 dxc4 14.
Bxc6 Qxc6 15. Bb4 Rfd8 16. Rc1 Qd5 17. Rxc4 Rd7 18. e3 b6 19. Qe2 b5 20. Rc5
Qxb3 21. Rxb5 Rd5 22. Rc1 a6 23. Rxd5 Nxd5 24. Qc2 Qxc2 25. Rxc2 Ra7 26. Bd2
Kf8 27. e4 Nb6 28. f4 Ke7 29. Bb4+ Ke8 30. Ba5 Kd7 31. Kf2 Rb7 32. Rb2 Kc6 33.
Ke2 Nc4 34. Rxb7 Kxb7 35. Bb4 Nd6 36. Kd3 g6 37. g4 Kc6 38. Bxd6 cxd6 39. Kc4
d5+ 40. exd5+ exd5+ 41. Kb4 Kb6 42. Ka4 a5 43. h3 f5 44. Kb3 h5 45. gxh5 gxh5
1/2-1/2

[Event "East Lansing (Class B/2/12)"]
[Site "?"]
[Date "1995.??.??"]
[Round "?"]
[White "Griffin, John"]
[Black "Asbury, Victor"]
[Result "0-1"]
[WhiteElo "1605"]
[BlackElo "1625"]
[PlyCount "91"]
[EventDate "1995.??.??"]

{2/(12)} 1. d4 Nf6 2. c4 c5 3. d5 b5 4. cxb5 a6 5. Nc3 axb5 6. e4 b4 7. Nb5 Ba6
8. e5 Bxb5 9. exf6 Bxf1 10. Kxf1 exf6 11. Qe2+ Qe7 12. Bf4 Qxe2+ 13. Kxe2 d6
14. Nf3 Nd7 15. Nd2 Ne5 16. Rhc1 Be7 17. a3 bxa3 18. Rc3 O-O 19. Rcxa3 Rxa3 20.
Rxa3 Rb8 21. b3 g5 22. Ra7 Ng6 23. Bg3 h5 24. f3 h4 25. Bf2 Nf4+ 26. Kd1 Nxd5
27. g3 h3 28. Kc2 f5 29. Nc4 Nb4+ 30. Kd2 Nc6 31. Ra3 d5 32. Ne3 c4 33. Ra6
Bb4+ 34. Kc1 Nd4 35. Nxd5 Nxf3 36. bxc4 Nxh2 37. Rh6 Ng4 38. Rh5 Nxf2 39. Rxg5+
Kf8 40. Rh5 Ba3+ 41. Kd2 Rb2+ 42. Ke3 Ng4+ 43. Kf4 Rf2+ 44. Kg5 Bc1+ 45. Nf4
Kg7 46. Rxh3 $138 0-1

[Event "East Lansing (MOR/2/6)"]
[Site "?"]
[Date "1995.??.??"]
[Round "?"]
[White "Gregory, Kevin"]
[Black "Hartwig, Thomas"]
[Result "1-0"]
[WhiteElo "1730"]
[BlackElo "1605"]
[PlyCount "47"]
[EventDate "1995.??.??"]

{2/(6)} 1. d4 d5 2. e3 Nf6 3. Nf3 Bf5 4. c4 e6 5. Qb3 Qc8 6. Nc3 dxc4 7. Bxc4
c5 8. d5 b6 9. Qa4+ Nbd7 10. dxe6 fxe6 11. Ng5 Qb7 12. O-O Nd5 13. Ba6 Qc7 14.
e4 Nxc3 15. bxc3 Bg6 16. Nxe6 Qe5 17. Qc6 Bxe4 18. Nc7+ Kd8 19. Bg5+ Be7 20.
Ne6+ Ke8 21. Nxg7+ Kf7 22. Bc4+ Kf8 23. Qxd7 Bxg2 24. Ne6+ 1-0

[Event "East Lansing (MOR/6/11)"]
[Site "?"]
[Date "1995.??.??"]
[Round "?"]
[White "Gregory, Kevin"]
[Black "Distefano, R."]
[Result "1/2-1/2"]
[WhiteElo "1730"]
[BlackElo "1605"]
[PlyCount "79"]
[EventDate "1995.??.??"]

{6/(11)} 1. d4 Nf6 2. Nf3 g6 3. e3 Bg7 4. Bd3 O-O 5. O-O d6 6. Nbd2 Nbd7 7. b3
c5 8. Bb2 cxd4 9. exd4 Nb6 10. Re1 Re8 11. Rb1 Nbd5 12. Bc4 Bd7 13. a3 Rc8 14.
Ne4 b5 15. Nxf6+ Nxf6 16. Bd3 Nd5 17. c4 bxc4 18. Bxc4 Nb6 19. Bd3 Nd5 20. Qd2
Qb6 21. b4 Rc7 22. Rbc1 Rec8 23. Rxc7 Rxc7 24. Qg5 Be6 25. Qd2 Bd7 26. Be4 Nf6
27. Bb1 Be6 28. h3 Bd5 29. Nh2 Qb7 30. f3 h6 31. Rc1 Rxc1+ 32. Qxc1 Qc6 33.
Qxc6 Bxc6 34. Ba2 Nd5 35. Bxd5 Bxd5 36. Kf2 Kf8 37. Ke3 h5 38. Kd3 Ke8 39. Nf1
Bh6 40. Nd2 1/2-1/2

[Event "East Lansing (MOR/4/6)"]
[Site "?"]
[Date "1995.??.??"]
[Round "?"]
[White "Gregory, Kevin"]
[Black "Ashton, Jeff"]
[Result "0-1"]
[WhiteElo "1730"]
[BlackElo "1625"]
[PlyCount "92"]
[EventDate "1995.??.??"]

{4/(6)} 1. d4 d5 2. e3 Nf6 3. Bd3 c5 4. c3 cxd4 5. exd4 Nc6 6. f4 Bg4 7. Nf3 e6
8. O-O Bd6 9. Qe1 O-O 10. Ne5 Bf5 11. Bxf5 exf5 12. Nd2 Ne4 13. Rf3 Re8 14. Re3
Re6 15. Nf1 Rc8 16. Rh3 Bb8 17. Ne3 g6 18. Qd1 f6 19. Nd3 Na5 20. Nb4 Rd6 21.
Bd2 Nc4 22. Nxc4 Rxc4 23. Qe2 Re6 24. Qd3 Rc7 25. Be3 a5 26. Nc2 Qe8 27. Re1 b5
28. a3 Rce7 29. Rf3 Nd6 30. b3 Kg7 31. g3 Rc7 32. Bd2 Ne4 33. Rfe3 Rce7 34. Kf1
g5 35. fxg5 fxg5 36. R3e2 h6 37. Ne3 Qf7 38. Nxd5 Nxd2+ 39. Qxd2 Rxe2 40. Rxe2
Rxe2 41. Qxe2 Qxd5 42. Qe7+ Qf7 43. Qd8 Bc7 44. Qc8 f4 45. g4 f3 46. h3 Qe7 0-1

[Event "East Lansing (Class C/2/14)"]
[Site "?"]
[Date "1995.??.??"]
[Round "?"]
[White "Gregg, Ted"]
[Black "Wright, Ken"]
[Result "0-1"]
[WhiteElo "1605"]
[BlackElo "1605"]
[PlyCount "118"]
[EventDate "1995.??.??"]

{2/(14)} 1. f4 b6 2. Nf3 d6 3. e3 Bb7 4. Be2 Nf6 5. O-O e6 6. b3 Nbd7 7. Bb2 g6
8. Qe1 Bg7 9. Ng5 Qe7 10. Bf3 c6 11. d3 h6 12. Nh3 Nc5 13. Nd2 d5 14. Ba3 Nxd3
15. Bxe7 Nxe1 16. Raxe1 Kxe7 17. Nf2 Rhd8 18. Nd3 Ba6 19. Rf2 Bxd3 20. cxd3 c5
21. Rfe2 Kf8 22. e4 dxe4 23. dxe4 Rac8 24. e5 Nd5 25. Bxd5 Rxd5 26. Nc4 Rd4 27.
g3 Kg8 28. Nd6 Rd8 29. Nb5 Rd2 30. h4 a6 31. Nc3 R2d3 32. Ne4 h5 33. Kf2 R8d4
34. Re3 Rxe3 35. Rxe3 Kf8 36. Nd6 f6 37. Nc4 b5 38. exf6 Bxf6 39. Ne5 Bxe5 40.
fxe5 Rg4 41. Kf3 c4 42. bxc4 Rxc4 43. Rd3 b4 44. a3 a5 45. axb4 axb4 46. Rb3
Ke7 47. Ke3 Kd7 48. Kd3 Rg4 49. Kc2 Kc6 50. Rd3 Kc5 51. Kb3 Re4 52. Rd8 Rxe5
53. Rc8+ Kd6 54. Rb8 Re3+ 55. Kxb4 Rxg3 56. Rb6+ Ke5 57. Kc5 Rg4 58. Rb4 Rxb4
59. Kxb4 Kd4 0-1

[Event "East Lansing (Class C/3/14)"]
[Site "?"]
[Date "1995.??.??"]
[Round "?"]
[White "Gregg, Ted"]
[Black "Vorhauer, Sam"]
[Result "1-0"]
[WhiteElo "1605"]
[BlackElo "1605"]
[PlyCount "117"]
[EventDate "1995.??.??"]

{3/(14)} 1. f4 d5 2. b3 Nf6 3. Bb2 e6 4. e3 Nc6 5. Bb5 Bd7 6. Bxc6 Bxc6 7. Nf3
Bd6 8. O-O Qe7 9. Ne5 Bxe5 10. Bxe5 O-O-O 11. d3 h5 12. h3 g6 13. Qe1 Rh7 14.
Qh4 Ng8 15. Qxe7 Nxe7 16. Bf6 Rd7 17. Bxe7 Rxe7 18. d4 h4 19. Nd2 b5 20. b4 f6
21. Nb3 f5 22. Nc5 Rhg7 23. a4 Kb8 24. Ra3 bxa4 25. Nxa4 Bxa4 26. Rxa4 g5 27.
Kh2 c6 28. Rg1 gxf4 29. exf4 Rg3 30. Rf1 Rc3 31. Rf2 Rc4 32. Rd2 Rc3 33. Ra2
Re3 34. Rd3 Re2 35. Rd1 Rg7 36. Rg1 Re4 37. c3 Rxf4 38. g3 Rf3 39. gxh4 Rxg1
40. Kxg1 Rxh3 41. Rh2 Rxc3 42. h5 Rg3+ 43. Kf2 Rg7 44. h6 Rh7 45. Kf3 Kc7 46.
Kf4 Kd6 47. Kg5 f4 48. Kg6 Rh8 49. Kg7 Rb8 50. h7 f3 51. h8=Q Rxh8 52. Kxh8 e5
53. Rh6+ Ke7 54. dxe5 d4 55. Rf6 d3 56. Rxf3 d2 57. Rd3 Ke6 58. Rxd2 Kxe5 59.
Kg8 1-0

[Event "East Lansing (MOR/6/24)"]
[Site "?"]
[Date "1995.??.??"]
[Round "?"]
[White "Gregg, Ted"]
[Black "Vorhauer, Sam"]
[Result "1-0"]
[WhiteElo "1605"]
[BlackElo "1605"]
[PlyCount "102"]
[EventDate "1995.??.??"]

{6/(24)} 1. f4 d5 2. b3 Bf5 3. Nf3 e6 4. Bb2 Nd7 5. e3 Ngf6 6. Be2 c6 7. O-O h6
8. Ne5 Nxe5 9. Bxe5 Bd6 10. Bb2 Qc7 11. d3 O-O-O 12. Qe1 Qb6 13. Bf3 Bxf4 14.
Bd4 c5 15. exf4 cxd4 16. a4 a6 17. Na3 Qc7 18. Qd2 Qc3 19. Rfd1 Ng4 20. Rac1
Ne3 21. Qxc3+ dxc3 22. Re1 d4 23. Nc4 Nxc4 24. bxc4 Rd6 25. Rb1 b5 26. cxb5 Rb6
27. Re5 a5 28. Bc6 Kc7 29. h3 Kd6 30. g4 Bh7 31. Rbe1 g6 32. R1e4 Rc8 33. Rxd4+
Ke7 34. Rc5 Rd8 35. Rxd8 Kxd8 36. Rxc3 Ke7 37. Rb3 g5 38. fxg5 hxg5 39. c4 f5
40. Kf2 Bg8 41. c5 Rb8 42. Ke3 f4+ 43. Kf3 e5 44. Rc3 Be6 45. Be4 Kd8 46. b6
Ke7 47. b7 Kd7 48. c6+ Kc7 49. Rc5 Bc8 50. bxc8=Q+ Kxc8 51. c7 Rb7 1-0

[Event "East Lansing (Class C/1/14)"]
[Site "?"]
[Date "1995.??.??"]
[Round "?"]
[White "Gregg, Ted"]
[Black "Nixon, Peter"]
[Result "0-1"]
[WhiteElo "1605"]
[BlackElo "1605"]
[PlyCount "116"]
[EventDate "1995.??.??"]

{1/(14)} 1. f4 Nf6 2. b3 g6 3. Bb2 Bg7 4. Nf3 O-O 5. e3 b6 6. Be2 Bb7 7. O-O d6
8. Ng5 Nbd7 9. Bf3 c6 10. Qe1 Re8 11. Qh4 d5 12. d4 h6 13. Nh3 e6 14. Nd2 Qc7
15. Be2 c5 16. Bd3 Ne4 17. Nf3 Ndf6 18. dxc5 Qxc5 19. Bd4 Qe7 20. Ne5 Rac8 21.
Rf3 Rc7 22. g4 Nd2 23. Rg3 Nfe4 24. Qxe7 Rexe7 25. Bxe4 Nxe4 26. Rg2 Re8 27.
Rc1 Ba6 28. c4 dxc4 29. bxc4 Bxe5 30. Bxe5 Rxc4 31. Rxc4 Bxc4 32. Rc2 b5 33.
Nf2 Nxf2 34. Kxf2 Rd8 35. Bd4 a6 36. a4 f5 37. g5 hxg5 38. fxg5 Rd5 39. axb5
axb5 40. Kf3 e5 41. Bc3 e4+ 42. Kf2 Rd3 43. Bd4 Ra3 44. Ke1 Kf7 45. Kd2 Ra2 46.
Rxa2 Bxa2 47. h4 Ke6 48. Ke2 Bc4+ 49. Kf2 Kd5 50. Kg3 Be2 51. Kf2 Bh5 52. Bf6
Kc4 53. Ke1 Kd3 54. Kf2 b4 55. Bd4 b3 56. Ke1 Kc2 57. Bf6 b2 58. Bxb2 Kxb2 0-1

[Event "East Lansing (MOR/4/44)"]
[Site "?"]
[Date "1995.??.??"]
[Round "?"]
[White "Gregg, Ted"]
[Black "Crysler, Jerry"]
[Result "1-0"]
[WhiteElo "1605"]
[BlackElo "1605"]
[PlyCount "105"]
[EventDate "1995.??.??"]

{4/(44)} 1. f4 e6 2. e3 Qh4+ 3. g3 Qd8 4. b3 Nf6 5. Bb2 Be7 6. Nf3 d6 7. Bg2
O-O 8. O-O Nbd7 9. d3 Nd5 10. Qe1 Bf6 11. Bxf6 N7xf6 12. c4 Ne7 13. e4 Ng6 14.
Nc3 c6 15. Rd1 Ng4 16. Bh3 e5 17. f5 Qb6+ 18. Kh1 Ne3 19. fxg6 Bxh3 20. gxh7+
Kh8 21. Qf2 Bxf1 22. Re1 Bg2+ 23. Kg1 Bxf3 24. Qxe3 Qxe3+ 25. Rxe3 Bh5 26. h3
Kxh7 27. g4 Bg6 28. Ne2 Kg8 29. Ng3 f6 30. Nf5 Bxf5 31. gxf5 Kf7 32. h4 Rh8 33.
Rh3 Rh5 34. Kg2 Rg8 35. Kf3 g5 36. Kg4 gxh4+ 37. Kxh5 Rh8+ 38. Kg4 Kg7 39. Rxh4
Rxh4+ 40. Kxh4 Kh6 41. b4 a6 42. a4 b6 43. a5 bxa5 44. bxa5 Kg7 45. Kh5 Kf7 46.
Kh6 Ke7 47. Kg6 c5 48. Kg7 d5 49. cxd5 c4 50. dxc4 Kd6 51. Kxf6 Kc5 52. Kxe5
Kb4 53. f6 1-0

[Event "East Lansing (MOR/1a/4)"]
[Site "?"]
[Date "1995.??.??"]
[Round "?"]
[White "Gregg, Ted"]
[Black "Coats, B."]
[Result "1/2-1/2"]
[WhiteElo "1605"]
[BlackElo "1735"]
[PlyCount "65"]
[EventDate "1995.??.??"]

1. f4 Nf6 2. b3 c5 3. e3 Nc6 4. Bb5 e6 5. Bb2 Be7 6. Nf3 d6 7. O-O O-O 8. Bxc6
bxc6 9. c4 Rb8 10. h3 Ba6 11. d3 Nd7 12. Nbd2 d5 13. Ne5 Nxe5 14. Bxe5 Bd6 15.
Nf3 f6 16. Bc3 Qe7 17. Qe1 e5 18. fxe5 fxe5 19. e4 d4 20. Bd2 Bc8 21. Qg3 Rb7
22. Nh2 Qe8 23. Rxf8+ Qxf8 24. Rf1 Rf7 25. Rxf7 Qxf7 26. Qf3 Qxf3 27. Nxf3 h6
28. Be1 Kf7 29. Bg3 Kf6 30. Bh2 Be6 31. g4 Bf7 32. Kg2 Be6 33. Kg3 1/2-1/2

[Event "East Lansing (Class C/4/14)"]
[Site "?"]
[Date "1995.??.??"]
[Round "?"]
[White "Gregg, Ted"]
[Black "Clark, N."]
[Result "0-1"]
[WhiteElo "1605"]
[BlackElo "1605"]
[PlyCount "98"]
[EventDate "1995.??.??"]

{4/(14)} 1. f4 d5 2. b3 Nf6 3. Bb2 e6 4. e3 Ne4 5. Nf3 c5 6. d3 Qa5+ 7. Nbd2
Nxd2 8. Qxd2 Qd8 9. O-O-O b5 10. g4 f6 11. g5 fxg5 12. Nxg5 h6 13. Nf3 Nc6 14.
a3 d4 15. exd4 cxd4 16. Bg2 Rb8 17. Rhe1 Bd6 18. b4 O-O 19. Re4 Qc7 20. Ne5
Nxe5 21. fxe5 Bxe5 22. Bxd4 Bxh2 23. Be3 Bb7 24. Rg4 Be5 25. Bxh6 Bxg2 26. Rxg2
Bf4 27. Bxf4 Qxf4 28. Qxf4 Rxf4 29. Re2 Re8 30. Rde1 Kf7 31. Kd2 Re7 32. Ke3 g5
33. Rf2 e5 34. Ref1 Kg6 35. Rg1 Kf5 36. Rfg2 g4 37. Rg3 Rc7 38. Kd2 Rf2+ 39.
Ke3 Rcxc2 40. d4 exd4+ 41. Kxd4 Rf4+ 42. Kd3 Ra2 43. Ke3 Rxa3+ 44. Ke2 Rxg3 45.
Rxg3 Rxb4 46. Ra3 Ra4 47. Rb3 b4 48. Rd3 Ra2+ 49. Ke3 Ra3 0-1